000 00573nam a2200193Ia 4500
003 GCL
008 140319s9999 xx 000 0 eng d
040 _aGCL /
_cGCL
082 0 4 _a330.962
_bG P
100 1 _aGIUGALE, MARCELO M.
245 1 0 _aPRIVATE SECTOR DEVELOPMENT IN EGYPT /
_cGIUGALE, MARCELO M.
700 1 _aMOBARAK, HAMED
260 _a[S.N] :
_bTHE AMERICAN UNIVERSITY IN CAIRO PRESS ،
_c1996
300 _a176 P
650 0 4 _aEGYPT - ECONOMICS
650 0 4 _aPRIVATE SECTOR - DEVELOPMENT
650 0 4 _aECONOMIC SITUATION AND CONDITION
942 _2ddc
_cBK
999 _c10899
_d10899